Guinea-Bissauta lähimpänä olevat maat - Statistics

Yleistilastot
  • Tätä visaa on pelattu 12 kertaa
  • Keskiarvotulos 17 / 20
Vastaustilastot
km maa % Oikein
1657 Algeria
100%
1586 Benin
100%
208 Mali
100%
1668 Marokko
100%
280 Mauritania
100%
1511 Niger
100%
1832 Nigeria
100%
0 Senegal
100%
1479 Togo
100%
900 Burkina Faso
90%
637 Côte d'Ivoire
90%
61 Gambia
90%
1188 Ghana
90%
0 Guinea
90%
519 Liberia
90%
758 Cabo Verde
80%
249 Sierra Leone
80%
1674 Espanja
70%
2225 Portugali
30%
921 Länsi-Sahara
20%
Ehtoja vastaavia visoja ei löytynyt
Tulosjakauma
Jokaisen tuloksen saaneiden osuus
Persentiili vastausten määrän mukaan
Tuloshistoriasi
Et ole pelannut tätä visaa